| 000 | 00952nam a22002055i 4500 | ||
|---|---|---|---|
| 001 | 159867 | ||
| 003 | ES-MaACL | ||
| 005 | 20230906211837.0 | ||
| 008 | 040927s1875 fr |||| | fre d | ||
| 040 |
_aCAM _bspa _cCAM |
||
| 100 | 1 |
_aMoisy, Henri. _9130012 |
|
| 245 | 1 | 0 |
_aNoms de famille normands _b: étudiés dans leurs rapports avec la vieille langua et spéciealement avec le dialecte normand ancien et moderne / _cpar Henri Moisy. |
| 260 |
_aParis : _bF. Vieweg libraire éditeur, _c1875. |
||
| 300 |
_aXXIV, 448 p. ; _c22 cm. |
||
| 490 | 1 |
_aRecueil de travaux originaux ou traduits relatifs a la philologie et a l'histoire littéraire. Collection philologique ; _v6 |
|
| 650 | 4 |
_aLengua francesa- _xDialectos. _9146166 |
|
| 830 | 0 |
_aRecueil de travaux originaux ou traduits relatifs a la philologie et a l'histoire littéraire. Collection philologique ; _v6 _9221995 |
|
| 852 |
_aES-MaACL _jC-6763 _z-- Enc. hol. |
||
| 999 |
_c159867 _d159867 |
||